000 00599cam a2200217 a 4500
001 000009609
005 20200929161636.0
008 740502s1968 ve 000 f spa
040 _aDO-SdBNP
_dBNPHU
042 _apremarc
082 _aV863.44
_bT759m
100 1 _aTrack, Hernando.
_924461
245 1 0 _aMis parientes :
_brelatos.
260 _aCaracas :
_bMonte Ávila Editores,
_c1968.
300 _a102 p. ;
_c18 cm.
490 1 _aContinente
650 4 _aNovela venezolana
_93962
650 4 _aLiteratura venezolana
_93816
830 0 _aContinente
_95070
910 _aCatalogación derivada
999 _c9369
_d9369